| 000 | 01082nam2a22002891 4500 | ||
|---|---|---|---|
| 001 | RU\NLR\INFOCOMM16\1000023093 | ||
| 005 | 20250806205343.0 | ||
| 035 | _a(NLR Aleph) 002744454 | ||
| 090 |
_a19834 _c19834 |
||
| 100 | _a20040129d1941 u y0rusy50 ca | ||
| 101 | 0 | _arus | |
| 102 | _aRU | ||
| 105 | _ay ||||||||| | ||
| 200 | 1 |
_aАтлас микроспор и пыльцы палеозоя СССР _fЛюбер А.А. _gВальц И.Э. |
|
| 210 | _d1941 | ||
| 461 | 0 |
_1001RU\NLR\INFOCOMM16\1000022337 _12001#$aТруды Всесоюзного научно-исследовательского геологического института (ВСЕГЕИ)$fКом. по делам геологии при СНК СССР$vВып.139 |
|
| 700 | 1 |
_aЛюбер _bА.А. _4070 |
|
| 701 | 1 |
_aВальц _bИ.Э. _4070 |
|
| 801 | 1 |
_aRU _bInfoComm _c20040129 |
|
| 801 | 0 |
_aRU _bNLR _gPSBO |
|
| 852 |
_aNLR _jП7/443 |
||
| 942 | _cISSUE | ||
| 945 | _aРоссийская национальная библиотека | ||
| 980 | _aNB | ||
| 980 | _aBV | ||
| 980 | _aRUSPER | ||